Reality isn't what it used to be : (Record no. 48593)
[ view plain ]
| 000 -LEADER | |
|---|---|
| fixed length control field | 00849cam a2200253 a 4500 |
| 001 - CONTROL NUMBER | |
| control field | 221761 |
| 003 - CONTROL NUMBER IDENTIFIER | |
| control field | OCoLC |
| 005 - DATE AND TIME OF LATEST TRANSACTION | |
| control field | 20191025111833.0 |
| 008 - FIXED-LENGTH DATA ELEMENTS--GENERAL INFORMATION | |
| fixed length control field | s1990| nyu0 001 0 eng0d |
| 020 ## - INTERNATIONAL STANDARD BOOK NUMBER | |
| International Standard Book Number | 0062500171 (pbk.) |
| 040 ## - CATALOGING SOURCE | |
| Transcribing agency | PVY |
| 100 1# - MAIN ENTRY--PERSONAL NAME | |
| Personal name | Anderson, Walter Truett, |
| Dates associated with a name | 1933- |
| 245 10 - TITLE STATEMENT | |
| Title | Reality isn't what it used to be : |
| Remainder of title | theatrical politics, ready-to-wear religion, global myths, primitive chic and other wonders of the postmodern world / |
| Statement of responsibility, etc | Walter Truett Anderson. |
| 260 ## - PUBLICATION, DISTRIBUTION, ETC. (IMPRINT) | |
| Place of publication, distribution, etc | New York : |
| Name of publisher, distributor, etc | HarperCollins Publishers, |
| Date of publication, distribution, etc | c1990. |
| 300 ## - PHYSICAL DESCRIPTION | |
| Extent | xiii, 288 p. ; |
| Dimensions | 21 cm. |
| 336 ## - CONTENT TYPE | |
| Content Type Term | text |
| 337 ## - MEDIA TYPE | |
| Media Type Term | unmediated |
| 338 ## - CARRIER TYPE | |
| Carrier Type Term | volume |
| 500 ## - GENERAL NOTE | |
| General note | Originally published: San Francisco : Harper & Row, 1990. |
| 500 ## - GENERAL NOTE | |
| General note | Includes index. |
| 650 #0 - SUBJECT ADDED ENTRY--TOPICAL TERM | |
| Topical term or geographic name as entry element | Civilization, Modern, |
| Chronological subdivision | 1950- |
| 650 #0 - SUBJECT ADDED ENTRY--TOPICAL TERM | |
| Topical term or geographic name as entry element | Postmodernism. |
| 942 ## - ADDED ENTRY ELEMENTS (KOHA) | |
| Source of classification or shelving scheme | Library of Congress Classification |
| Item type | Books |
| Withdrawn status | Lost status | Source of classification or shelving scheme | Damaged status | Not for loan | Home library | Current library | Shelving location | Date acquired | Inventory number | Total Checkouts | Full call number | Barcode | Date last seen | Price effective from | Koha item type |
|---|---|---|---|---|---|---|---|---|---|---|---|---|---|---|---|
| Library of Congress Classification | BSOP Library | BSOP Library | GC | 10/25/2019 | 18400 | CB428 An2 | 00021445 | 10/25/2019 | 10/25/2019 | Books |
